Największe miasta w Danii - Statystyki

Ogólne statystyki
  • Ten quiz został rozwiązany 83 razy
  • Średni wynik to 5 z 15
Statystyki odpowiedzi
LP. Liczba ludności Miasto % Poprawnych
1. 602.500 Kopenhaga
100%
2. 269.000 Aarhus
87%
4. 113.400 Aalborg
75%
3. 176.700 Odense
69%
7. 72.300 Esbjerg
35%
9. 62.600 Randers
32%
12. 55.900 Vejle
27%
11. 58.500 Horsens
23%
10. 60.300 Kolding
23%
15. 50.400 Roskilde
13%
14. 53.000 Hvidovre
4%
8. 68.800 Gladsaxe
1%
13. 55.200 Kongens Lyngby
1%
6. 75.100 Charlottenlund
0%
5. 105.000 Frederikstad
0%
Nie znaleziono quizów pasujących do podanych kryteriów
Rozkład punktacji
Procent ludzi z każdym wynikiem
Percentyl według liczby udzielonych odpowiedzi
Twoja historia wyników
Nie rozwiązałeś tego quizu